LDR 00558naa#a2200169#i#450# 001 EN\\bibl\124885 005 20260604061714.4 011 ## _a2221-3260 100 ## _a20260331b2026####ek#y0engy0150####ca 102 ## _aRU 200 1# _aTheoretical and Methodological approach to forming a National Export Support System _eJournal article 210 1# _aYaroslavl _cYaroslavl State Technical University _d2026 215 ## _a12 с. 608 ## _aJournal article _2local 700 #1 _aAndreeva _gElena Leonidovna 700 #1 _aAntonenko _gValeriya Mihaylovna 856 4# _atheoreticaleconomy.ru _u